إمارة الحج : (رقم التسجيلة. 135990)

تفاصيل مارك
000 -الفاتح
عناصر البيانات ثابتة الطول 00813cam a2200205 i 4500
005 - تاريخ ووقت آخر معاملة
حقل ضبط 20251211104448.0
008 - عناصر البيانات ثابتة الطول
عناصر البيانات ثابتة الطول 250721s2015 jo gr 000 0 ara d
082 14 - رقم تصنيف ديوي العشري
رقم التصنيف 216.25
رقم المادة ع ا ر
100 1# - مدخل رئيسي – اسم شخصي
الاسم الشخصي العارضي، وجدان فريق عناد
علاقة الشخص بالعمل/ دوره مؤلف.
245 10 - بيان العنوان
العنوان إمارة الحج :
بقية العنوان في المغرب العربي و الأندلس 138-635 هـ /755 -1237 م /
بيان المسؤولية الاستاذه الدكتوره وجدان فريق عناد العارضي.
264 31 - بيانات النشر، التوزيع…إلخ
مكان النشر، التوزيع...إلخ عمان :
اسم الناشر، الموزع...إلخ دار أمجد للنشر والتوزيع،
تاريخ النشر، التوزيع...إلخ 2015.
300 ## - الوصف المادي
عدد الوحدات المكونة للوعاء 278 صفحة.
650 17 - مدخل إضافي بالموضوع - مصطلح موضوعي
مصطلح موضوعي أو اسم جغرافي كعنصر مدخل الحج.
650 17 - مدخل إضافي بالموضوع - مصطلح موضوعي
مصطلح موضوعي أو اسم جغرافي كعنصر مدخل الأماكن المقدسة.
650 17 - مدخل إضافي بالموضوع - مصطلح موضوعي
مصطلح موضوعي أو اسم جغرافي كعنصر مدخل العبادات.
650 17 - مدخل إضافي بالموضوع - مصطلح موضوعي
مصطلح موضوعي أو اسم جغرافي كعنصر مدخل الأندلس.
650 17 - مدخل إضافي بالموضوع - مصطلح موضوعي
مصطلح موضوعي أو اسم جغرافي كعنصر مدخل المغرب العربي.
942 ## - بيانات إضافية (كوها)
نوع التنصيف Dewey Decimal Classification
نوع المادة (كوها) كتب
المقتنيات
حالة السحب حالة الفقدان مصدر التصنيف حالة التلف غير قابل للإعارة المكتبة الرئيسية المكتبة الحالية موقع الرف تاريخ التزويد الرقم المتسلسل Total Checkouts رقم الإستدعاء الباركود تاريخ آخر ظهور تاريخ الفاتورة نوع المادة (كوها)
    Dewey Decimal Classification     المكتبة المركزية المكتبة المركزية الإعارة 28/07/2025 1649644   216.25 / ع ا ر PLD00402805 28/07/2025 28/07/2025 كتب
    Dewey Decimal Classification     مكتبة الحسن العامة مكتبة الحسن العامة الإعارة 25/01/2017 1649648   216.25/عار PLD00403058 28/07/2025 25/01/2017 كتب
    Dewey Decimal Classification     مكتبة حمزة العامة مكتبة حمزة العامة الإعارة 25/01/2017 1649647   216.25/عار PLD00403057 28/07/2025 25/01/2017 كتب
Implemented & Customized by: BBB with SCIT (Smart Chains for Information Technology)

Powered by Koha